00374nam a22001337a 450000500170000000800410001704100120005808200130007010000120008324500390009526000500013430000310018465000250021520240816130942.0240816b |||||||| |||| 00| 0 eng d aEnglish a349 LAW  lEnglish aThe Law Reports: Probate Division  aLondon: bWilliam Clowes and Sons Ltd, c1929 bxvii, 321 pages; c25 cm.  aLegal practice bLaw